Länder Autokennzeichen #1 - Statistiken

Allgemein
  • Dieses Quiz wurde 104 mal gespielt
    83 seit der letzten Aktualisierung
  • Das Durchschnittsergebnis liegt bei 16 aus 24
Antwortstatistiken
Kennzeichen Land % Korrekt
AUS Australien
100%
D Deutschland
100%
EST Estland
97%
F Frankreich
91%
A Österreich
91%
I Italien
87%
NGR Nigeria
87%
PL Polen
87%
B Belgien
84%
H Ungarn
83%
GR Griechenland
77%
HR Kroatien
70%
PE Peru
70%
LV Lettland
67%
PA Panama
65%
E Spanien
65%
Q Katar
62%
J Japan
58%
BR Brasilien
51%
CO Kolumbien
45%
MC Monaco
45%
AM Armenien
26%
FL Liechtenstein
19%
RCH Chile
4%
Keine übereinstimmenden Quizze gefunden
Verteilung der Resultate
Anzahl Personen mit jedem Resultat
Perzentil nach korrekt beantworteten Fragen
Ihre Resultats-Entwicklung
Sie haben dieses Quiz seit der letzten Aktualisierung nicht gespielt